Music Quiz

Random Music Quiz
Score 0/300 Timer 10:00
0 Plays Today
% Correct
and
100%
the
100%
the
100%
the
100%
the
100%
and
100%
the
100%
the
100%
and
100%
the
100%
and
100%
a
100%
the
100%
the
100%
the
100%
the
100%
the
100%
the
100%
the
100%
the
100%
a
100%
the
100%
the
100%
a
100%
and
100%
a
100%
the
100%
a
100%
the
100%
the
100%
the
100%
a
100%
and
100%
all
86.7%
that
86.7%
that
86.7%
all
86.7%
thats
86.7%
cult
80%
baby
80%
we
80%
we
80%
go
80%
to
80%
we
80%
to
80%
to
80%
we
80%
we
80%
to
80%
to
80%
to
80%
to
80%
to
80%
zig
73.3%
zags
73.3%
need
73.3%
smoke
73.3%
so
73.3%
da
73.3%
so
73.3%
so
73.3%
so
73.3%
so
73.3%
can
66.7%
as
66.7%
can
66.7%
as
66.7%
as
66.7%
as
66.7%
weed
66.7%
he
60%
he
60%
rap
53.3%
songs
53.3%
in
53.3%
for
53.3%
rap
53.3%
her
53.3%
in
53.3%
her
53.3%
of
53.3%
right
53.3%
like
53.3%
like
53.3%
her
53.3%
in
53.3%
her
53.3%
me
53.3%
me
53.3%
right
53.3%
her
53.3%
of
53.3%
take
46.7%
singing
46.7%
dirty
46.7%
stop
46.7%
hit
46.7%
bong
46.7%
roll
46.7%
% Correct
roll
46.7%
high
46.7%
hell
46.7%
flying
46.7%
on
46.7%
roll
46.7%
roll
46.7%
roll
46.7%
my
46.7%
high
46.7%
hell
46.7%
flying
46.7%
on
46.7%
roll
46.7%
roll
46.7%
my
46.7%
my
46.7%
my
46.7%
was
46.7%
hell
46.7%
was
46.7%
on
46.7%
met
46.7%
my
46.7%
was
46.7%
on
46.7%
on
46.7%
left
46.7%
my
46.7%
on
46.7%
my
46.7%
was
46.7%
on
46.7%
my
46.7%
was
46.7%
left
46.7%
on
46.7%
my
46.7%
at
46.7%
dad
46.7%
tumbleweed
40%
burns
40%
turns
40%
83
40%
rims
40%
out
40%
through
40%
rims
40%
83
40%
i
40%
it
40%
it
40%
through
40%
i
40%
i
40%
girl
40%
i
40%
i
40%
daddy
40%
klan
40%
i
40%
afro
40%
i
40%
daddy
40%
i
40%
i
40%
out
40%
daddy
40%
night
40%
i
40%
i
40%
i
40%
those
33.3%
sell
33.3%
tapes
33.3%
hong
33.3%
kong
33.3%
cadillac
33.3%
palmdale
33.3%
caddy
33.3%
joint
33.3%
seeds
33.3%
stems
33.3%
palmdale
33.3%
skatin
33.3%
caddy
33.3%
if
33.3%
tapes
33.3%
cds
33.3%
just
33.3%
dont
33.3%
sell
33.3%
bet
33.3%
caddy
33.3%
well
33.3%
just
33.3%
white
33.3%
town
33.3%
east
33.3%
side
33.3%
% Correct
palmdale
33.3%
well
33.3%
when
33.3%
afroman
33.3%
white
33.3%
houses
33.3%
went
33.3%
up
33.3%
sale
33.3%
cds
33.3%
when
33.3%
little
33.3%
named
33.3%
jan
33.3%
jan
33.3%
let
33.3%
caddy
33.3%
leader
33.3%
bed
33.3%
long
33.3%
grew
33.3%
well
33.3%
thought
33.3%
myself
33.3%
ass
33.3%
up
33.3%
but
33.3%
beat
33.3%
beat
33.3%
beat
33.3%
ass
33.3%
but
33.3%
aint
33.3%
mad
33.3%
best
33.3%
had
33.3%
got
33.3%
2
26.7%
here
26.7%
coupe
26.7%
ville
26.7%
pick
26.7%
feeling
26.7%
coupe
26.7%
ville
26.7%
will
26.7%
sundown
26.7%
land
26.7%
standin
26.7%
ride
26.7%
cause
26.7%
didnt
26.7%
know
26.7%
ku
26.7%
floor
26.7%
then
26.7%
shrimp
26.7%
fried
26.7%
rice
26.7%
sheba
26.7%
sheba
26.7%
lookin
26.7%
zebra
26.7%
ever
26.7%
parks
20%
skating
20%
de
20%
small
20%
walked
20%
sellin
20%
ate
20%
way
20%
till
20%
back
20%
waitin
20%
with
20%
from
13.3%
called
13.3%
put
13.3%
pulled
13.3%
ran
13.3%
window
13.3%
mother
13.3%
bag
13.3%
4
6.7%
get
6.7%
courner
6.7%
klutz
6.7%
cloths
6.7%
jumped
6.7%
2by4
6.7%
damnpussy
6.7%
sya
0%
marajuna
0%
n
0%
caddillac
0%
gotten
0%
chevorlette
0%
oh
0%
prejodus
0%

You're not logged in!

Compare scores with friends on all Sporcle quizzes.
OR
Log In

From the Vault

Thank You For Calling...

by Hejman

Thank you for calling _____. Press 1 for mentally stimulating conversations.
Remove Ads.
Support Sporcle.
Get the best of Sporcle when you Go Orange. This ad-free experience offers more features, more stats, and more fun while also helping to support Sporcle. Thank you for becoming a member.

Show Comments

Extras

Created Mar 14, 2012ReportNominate
Tags:cult

Top Quizzes Today


Score Distribution

Your Account Isn't Verified!

In order to create a playlist on Sporcle, you need to verify the email address you used during registration. Go to your Sporcle Settings to finish the process.

Report this User

Report this user for behavior that violates our Community Guidelines.

Details: